000 01280cam a22002891i 4500
003 SA-RiAUC
005 20250521081706.0
008 250518s1994 su g b i00010 ara c
020 _a9960272141
040 _aSA-JeALM
_bara
_cSA-RiAUC
_erda
082 0 4 _a378.07
_qSA-RiAUC
090 _a378.07
_b خ ي ا
100 1 _aخياط، محمد جميل جنة علي
_eمؤلف.
245 1 2 _aالجامعات الإسلامية :
_bدراسة مسحية تحليلية تقيمية /
_cمحمد جميل بن علي خياط.
250 _aالطبعة الأولى.
264 1 _aالرياض :
_bرابطة الجامعات الإسلامية،
_c1994
300 _a666 صفحة ؛
_c24 سم
336 _aنص
_btxt
_2rdacontent
_3كتاب
337 _aبدون وسيط
_bn
_2rdamedia
338 _aمجلد
_bnc
_2rdacarrier
500 _aفي رأس صفحة العنوان : مؤتمر رابطة الجامعات الإسلامية.
500 _aإهداء من المؤلف محمد جميل بن علي خياط بتاريخ 1415/1/27 هـ
504 _aببليوجرافية : صفحة 651-658.
650 7 _aالجامعات والكليات
_zالبلاد الإسلامية
_2aucsh
942 _2ddc
_cBOOK
_n0
949 _aSA-JeALM
_d250518
_umohamedma123
_n1
999 _c8196
_d8196